<?xml version="1.0" encoding="UTF-8"?>
<record
    xmlns:xsi="http://www.w3.org/2001/XMLSchema-instance"
    xsi:schemaLocation="http://www.loc.gov/MARC21/slim http://www.loc.gov/standards/marcxml/schema/MARC21slim.xsd"
    xmlns="http://www.loc.gov/MARC21/slim">

  <leader>00728nam a2200145Ia 4500</leader>
  <controlfield tag="008">100122s9999    xx            000 0 und d</controlfield>
  <datafield tag="082" ind1=" " ind2=" ">
    <subfield code="b">54033</subfield>
    <subfield code="a">923.854</subfield>
  </datafield>
  <datafield tag="100" ind1=" " ind2=" ">
    <subfield code="a">&#x932;&#x93E;&#x932;&#x93E; &#x930;&#x941;&#x938;&#x940;</subfield>
  </datafield>
  <datafield tag="245" ind1=" " ind2=" ">
    <subfield code="a">&#x938;&#x92B;&#x932;&#x924;&#x947;&#x92E;&#x927;&#x940;&#x932; &#x906;&#x928;&#x902;&#x926; &#x91C;&#x947;. &#x906;&#x930; &#x921;&#x940;. &#x91F;&#x93E;&#x91F;&#x93E; &#x92F;&#x93E;&#x902;&#x91A;&#x94D;&#x92F;&#x93E;&#x936;&#x940; &#x938;&#x941;&#x916;&#x938;&#x902;&#x935;&#x93E;&#x926;</subfield>
  </datafield>
  <datafield tag="260" ind1=" " ind2=" ">
    <subfield code="b">&#x909;&#x924;&#x94D;&#x915;&#x930;&#x94D;&#x937; &#x92A;&#x94D;&#x930;&#x915;&#x93E;&#x936;&#x928;</subfield>
    <subfield code="c">1997</subfield>
  </datafield>
  <datafield tag="300" ind1=" " ind2=" ">
    <subfield code="a">227</subfield>
  </datafield>
  <datafield tag="630" ind1=" " ind2=" ">
    <subfield code="a">&#x938;&#x92B;&#x932;&#x924;&#x947;&#x92E;&#x927;&#x940;&#x932; &#x906;&#x928;&#x902;&#x926; &#x91C;&#x947;. &#x906;&#x930; &#x921;&#x940;. &#x91F;&#x93E;&#x91F;&#x93E; &#x92F;&#x93E;&#x902;&#x91A;&#x94D;&#x92F;&#x93E;&#x936;&#x940; &#x938;&#x941;&#x916;&#x938;&#x902;&#x935;&#x93E;&#x926;</subfield>
  </datafield>
  <datafield tag="730" ind1=" " ind2=" ">
    <subfield code="a">&#x938;&#x92B;&#x932;&#x924;&#x947;&#x92E;&#x927;&#x940;&#x932; &#x906;&#x928;&#x902;&#x926; &#x91C;&#x947;. &#x906;&#x930; &#x921;&#x940;. &#x91F;&#x93E;&#x91F;&#x93E; &#x92F;&#x93E;&#x902;&#x91A;&#x94D;&#x92F;&#x93E;&#x936;&#x940; &#x938;&#x941;&#x916;&#x938;&#x902;&#x935;&#x93E;&#x926;</subfield>
  </datafield>
  <datafield tag="942" ind1=" " ind2=" ">
    <subfield code="c">BOOK</subfield>
  </datafield>
  <datafield tag="999" ind1=" " ind2=" ">
    <subfield code="c">430940</subfield>
    <subfield code="d">430937</subfield>
  </datafield>
  <datafield tag="952" ind1=" " ind2=" ">
    <subfield code="0">0</subfield>
    <subfield code="1">0</subfield>
    <subfield code="4">0</subfield>
    <subfield code="7">0</subfield>
    <subfield code="a">SVPPARLE</subfield>
    <subfield code="b">SVPPARLE</subfield>
    <subfield code="d">1998-01-31</subfield>
    <subfield code="g">150.00</subfield>
    <subfield code="l">0</subfield>
    <subfield code="o">54033</subfield>
    <subfield code="p">SVPPARLE-54033</subfield>
    <subfield code="r">2010-01-25 00:00:00</subfield>
    <subfield code="v">150.00</subfield>
    <subfield code="w">2010-01-25</subfield>
    <subfield code="y">BOOK</subfield>
    <subfield code="z">General NA</subfield>
  </datafield>
</record>
